LIBRARY & INFORMATION CENTRE, KCAET, TAVANUR

ONLINE PUBLIC ACCESS CATALOGUE (OPAC)

Entrepreneurial development (Record no. 14803)

MARC details
000 -LEADER
fixed length control field 00271nam a22001217a 4500
020 ## - INTERNATIONAL STANDARD BOOK NUMBER
ISBN 9788121918015
082 ## - DEWEY DECIMAL CLASSIFICATION NUMBER
Classification number 658
Item number KHA/EN
100 ## - MAIN ENTRY--AUTHOR NAME
Personal name Khanka, SS
245 ## - TITLE STATEMENT
Title Entrepreneurial development
260 ## - PUBLICATION, DISTRIBUTION, ETC. (IMPRINT)
Place of publication New Delhi
Name of publisher S.Chand
Year of publication 2016
300 ## - PHYSICAL DESCRIPTION
Number of Pages 794p
942 ## - ADDED ENTRY ELEMENTS (KOHA)
Koha item type Books
Holdings
Withdrawn status Lost status Damaged status Collection code Home library Current library Shelving location Date acquired Source of acquisition Cost, normal purchase price Full call number Accession Number Koha item type
        KAUAET KAUAET General Stacks 24/03/2017 Penta Book Distributors 575.00 658 KHA/EN 25139 Books
        KAUAET KAUAET General Stacks 24/03/2017 Penta Book Distributors 575.00 658 KHA/EN 25140 Books
free website counter